000 00450nam a22001577u 4500
008 130405s2009 xxu||||| |||| 00| 0 spa d
017 _aM.21935-2009
020 _a9788428534888
041 _aspa
245 0 0 _aEl pensamiento de Joseph Ratzinger
_b:Teólogo y Papa
_cSantiago Madrigal Terrazas
260 _aMadrid:
_bSan Pablo,
_c2009
300 _a319 p.
_c;21 cm.
700 1 _aMadrigal Terrazas, Santiago
_93211
942 _cBK
001 85667
999 _c289613
_d289613